000 00454nam a2200157Ia 4500
008 240729s9999 xx 000 0 und d
022 _a1938-1611
245 0 _aCurrent Issues in Middle Level Education
260 _aUnited States
260 _bGeorgia Southern University
650 _a Theory and practice of education
650 _aEducation
856 _uhttps://doaj.org/toc/af01925914034aeeb7a10ca28e547126
942 _2ddc
942 _cDOAJEJ
999 _c72125
_d72125
945 _a1
_bMadushi Gamage
_c1
_dMadushi Gamage